00422 2200145 4500001002100000008004100021035002000062245006900082100001600151260003100167300002000198082001500218650003000233990001300263INLIS000000000000459 ind  a0010-0322000459 aDONGENG PENGANTAR TIDUR CERITA RAKYAT NUSANTARA JAKA TARUBcIKHA aFERDIANSYAH aSURABAYAbMEGA PRESSc2012 a64 hlm.c25 cm. a398.395 98 aCERITA RAKYAT - INDONESIA a102614-1